[Event "Velez"]
[Site "Velez"]
[Date "2023.11.08"]
[Round "4"]
[White "Claverie, Raul Ricardo"]
[Black "Suasnabar, Jesus"]
[Result "0-1"]
[WhiteElo "2384"]
[BlackElo "1963"]
[PlyCount "133"]
[EventDate "2023.11.07"]
[EventType "tourn"]
[EventRounds "7"]
[EventCountry "COL"]
[SourceTitle "CB46_2023"]
[SourceDate "2023.11.15"]
[SourceVersion "1"]
[SourceVersionDate "2023.11.15"]
[SourceQuality "1"]

1. d4 d5 2. Nc3 c5 3. e4 dxe4 4. Bb5+ Bd7 5. Bxd7+ Qxd7 6. Be3 cxd4 7. Qxd4 Qxd4 8. Bxd4 Nc6 9. 0-0-0 0-0-0 10. Nge2 f5 11. g4 e5 12. Be3 Rxd1+ 13. Rxd1 f4 14. Bd2 Nf6 15. g5 Ng4 16. Nxe4 Nxh2 17. Bc3 Be7 18. Rh1 Nf3 19. g6 h5 20. b4 a6 21. a3 h4 22. Ng1 Nxg1 23. Rxg1 h3 24. Rh1 Kd7 25. f3 Ke6 26. Nf2 h2 27. Kd2 Kf5 28. Ke2 Kxg6 29. Ng4 Kf5 30. Rxh2 Rxh2+ 31. Nxh2 g5 32. Kd3 b5 33. Be1 Nd4 34. Kc3 Bf6 35. Bf2 Ne6 36. Kd3 Bg7 37. c3 Nc7 38. Bb6 Ne8 39. c4 bxc4+ 40. Kxc4 e4 41. fxe4+ Kxe4 42. a4 f3 43. Bf2 Be5 44. Ng4 Bb8 45. a5 Kf4 46. Ne3 Nd6+ 47. Kd3 g4 48. Nd5+ Ke5 49. Ne3 Kf4 50. Nd5+ Ke5 51. Ne3 Kf4 52. Nf1 Nf5 53. b5 axb5 54. a6 g3 55. a7 Bxa7 56. Bxa7 f2 57. Bxf2 gxf2 58. Ke2 Ng3+ 59. Kxf2 Nxf1 60. Kxf1 Ke3 61. Ke1 Kd3 62. Kd1 Kc3 63. Kc1 Kb3 64. Kb1 b4 65. Ka1 Kc2 66. Ka2 b3+ 67. Ka1 0-1

[Event "Velez Nor"]
[Site "Velez"]
[Date "2023.10.29"]
[Round "9"]
[White "Claverie, Raul Ricardo"]
[Black "Paredes Lagos, Anthony Javier"]
[Result "1/2-1/2"]
[WhiteElo "2399"]
[BlackElo "2362"]
[PlyCount "62"]
[EventDate "2023.10.25"]
[EventType "tourn"]
[EventRounds "9"]
[EventCountry "COL"]
[SourceTitle "Mega2024 Update 01"]
[Source "Chessbase"]
[SourceDate "2023.11.12"]
[SourceVersion "1"]
[SourceVersionDate "2023.11.12"]
[SourceQuality "1"]

1. e4 e5 2. Nf3 Nc6 3. Bb5 a6 4. Bxc6 dxc6 5. d4 exd4 6. Qxd4 Qxd4 7. Nxd4 c5 8. Ne2 Bd7 9. Nbc3 0-0-0 10. Bg5 f6 11. Be3 Bd6 12. 0-0-0 Ne7 13. f3 Ng6 14. Nd5 Be6 15. Rd2 h5 16. h3 Nh4 17. Rg1 Bh2 18. Rh1 Bd6 19. Rg1 Bh2 20. Rh1 Bd6 21. Nef4 Bxf4 22. Nxf4 Rxd2 23. Kxd2 Bf7 24. Bf2 g5 25. Bxh4 gxh4 26. a3 Rd8+ 27. Ke2 Bc4+ 28. Ke3 Bf7 29. Rg1 Rg8 30. Rd1 b6 31. Rd2 Re8 1/2-1/2

[Event "Velez Nor"]
[Site "Velez"]
[Date "2023.10.28"]
[Round "7"]
[White "Claverie, Raul Ricardo"]
[Black "Noboa Silva, Kevin Omar"]
[Result "1-0"]
[WhiteElo "2399"]
[BlackElo "2278"]
[PlyCount "95"]
[EventDate "2023.10.25"]
[EventType "tourn"]
[EventRounds "9"]
[EventCountry "COL"]
[SourceTitle "Mega2024 Update 01"]
[Source "Chessbase"]
[SourceDate "2023.11.12"]
[SourceVersion "1"]
[SourceVersionDate "2023.11.12"]
[SourceQuality "1"]

1. e4 e5 2. Nf3 Nc6 3. c3 Nf6 4. d3 g6 5. Be2 Bg7 6. 0-0 0-0 7. Re1 a5 8. a4 d5 9. Qc2 h6 10. Na3 Be6 11. Bf1 Re8 12. h3 Nd7 13. Rd1 Qe7 14. Be3 d4 15. cxd4 exd4 16. Bf4 Nc5 17. Nd2 Nb4 18. Qb1 g5 19. Bg3 Bb3 20. Nxb3 Nxb3 21. Nb5 Be5 22. Ra3 Nc5 23. Bxe5 Qxe5 24. Ra1 c6 25. Na3 Red8 26. Nc4 Qe6 27. Nd2 b5 28. axb5 cxb5 29. Be2 Qd6 30. Rf1 Qf4 31. Rd1 Rdc8 32. Bg4 Ncxd3 33. Nf3 Nxf2 34. Kxf2 Qe3+ 35. Kg3 Rc2 36. Kh2 h5 37. Nxd4 Qf4+ 38. Kh1 Rf2 39. Bxh5 Qg3 40. Bf3 Rc8 41. Nf5 Qe5 42. Nh6+ Kg7 43. Ng4 Qxb2 44. Nxf2 Qxf2 45. Rxa5 Nc2 46. Ra2 g4 47. Bxg4 Rc3 48. Rc1 1-0

[Event "Velez Nor"]
[Site "Velez"]
[Date "2023.10.27"]
[Round "5"]
[White "Claverie, Raul Ricardo"]
[Black "Vivas Zamora, Fabian Ernesto"]
[Result "0-1"]
[WhiteElo "2399"]
[BlackElo "2352"]
[PlyCount "108"]
[EventDate "2023.10.25"]
[EventType "tourn"]
[EventRounds "9"]
[EventCountry "COL"]
[SourceTitle "Mega2024 Update 01"]
[Source "Chessbase"]
[SourceDate "2023.11.12"]
[SourceVersion "1"]
[SourceVersionDate "2023.11.12"]
[SourceQuality "1"]

1. f4 d5 2. Nf3 Nf6 3. g3 e6 4. Bg2 b5 5. 0-0 Bb7 6. d3 Nbd7 7. Qe1 Bc5+ 8. Kh1 Bb6 9. c3 0-0 10. a4 a6 11. a5 Ba7 12. h3 c5 13. Nbd2 c4 14. d4 Bb8 15. b4 cxb3 16. Ba3 b2 17. Rb1 Qxa5 18. Bxf8 Kxf8 19. Rxb2 Qxc3 20. Qa1 Qc7 21. Ne5 Qb6 22. e3 a5 23. Nxd7+ Nxd7 24. Qb1 b4 25. Qxh7 a4 26. Qh8+ Ke7 27. Qxg7 a3 28. Qg5+ Nf6 29. Rb3 Bd6 30. Qh4 Qc7 31. g4 a2 32. Ra1 Qc2 33. g5 Nd7 34. Qe1 Ba6 35. Rc1 Bd3 36. Rxc2 Bxc2 37. Qa1 Bxb3 38. Nxb3 Ra3 39. f5 Nb6 40. f6+ Kd7 41. Nc5+ Bxc5 42. dxc5 Nc4 43. Bf1 b3 44. Bxc4 dxc4 45. g6 Kc6 46. Kh2 b2 47. Qh1+ Kc7 48. Qd1 b1Q 49. Qd6+ Kc8 50. Qf8+ Kb7 51. Qe7+ Ka6 52. Qd6+ Ka7 53. c6 a1Q 54. Qc7+ Ka8 0-1

[Event "Velez Nor"]
[Site "Velez"]
[Date "2023.10.26"]
[Round "3"]
[White "Brizuela Abreu, Ronald Jesus"]
[Black "Claverie, Raul Ricardo"]
[Result "0-1"]
[WhiteElo "2338"]
[BlackElo "2399"]
[PlyCount "94"]
[EventDate "2023.10.25"]
[EventType "tourn"]
[EventRounds "9"]
[EventCountry "COL"]
[SourceTitle "Mega2024 Update 01"]
[Source "Chessbase"]
[SourceDate "2023.11.12"]
[SourceVersion "1"]
[SourceVersionDate "2023.11.12"]
[SourceQuality "1"]

1. d4 d6 2. Nf3 f5 3. c4 Nf6 4. Nc3 g6 5. g3 Bg7 6. Bg2 0-0 7. 0-0 Nc6 8. d5 Na5 9. Qd3 c5 10. Rb1 Ne4 11. Ng5 Nxc3 12. bxc3 Qe8 13. Ne6 Bxe6 14. dxe6 Rb8 15. Bd2 Qa4 16. Bd5 b6 17. Rb2 Nc6 18. Qc2 Qxc2 19. Rxc2 Na5 20. Rb1 h6 21. h4 Kh7 22. a4 Be5 23. f4 Bf6 24. Kg2 Rg8 25. Kf3 Rbf8 26. e4 h5 27. Rcb2 Bh8 28. Rb5 Kh6 29. Rxa5 bxa5 30. Rb7 Rb8 31. Rxa7 Bxc3 32. Bxc3 Rb3 33. Rxe7 Rxc3+ 34. Kg2 Rb8 35. Bb7 Rc2+ 36. Kh3 fxe4 37. Bxe4 Re2 38. Bb7 Rb2 39. Bc6 R8b3 40. Re8 Re3 41. e7 Ree2 42. Bg2 Rxg2 43. Rh8+ Kg7 44. Rg8+ Kf6 45. Rxg6+ Kxe7 46. Re6+ Kxe6 47. f5+ Ke5 0-1

[Event "Velez Nor"]
[Site "Velez"]
[Date "2023.10.26"]
[Round "4"]
[White "Heredia Serrano, Carla Sofia"]
[Black "Claverie, Raul Ricardo"]
[Result "1-0"]
[WhiteElo "2063"]
[BlackElo "2399"]
[PlyCount "79"]
[EventDate "2023.10.25"]
[EventType "tourn"]
[EventRounds "9"]
[EventCountry "COL"]
[SourceTitle "Mega2024 Update 01"]
[Source "Chessbase"]
[SourceDate "2023.11.12"]
[SourceVersion "1"]
[SourceVersionDate "2023.11.12"]
[SourceQuality "1"]

1. e4 g6 2. d4 Bg7 3. Nc3 d6 4. Nf3 a6 5. a4 Nd7 6. Bc4 e6 7. a5 h6 8. Be3 c6 9. 0-0 Ne7 10. Qd2 g5 11. h4 d5 12. Be2 f6 13. e5 g4 14. exf6 Bxf6 15. Ne1 h5 16. g3 e5 17. Ng2 Nf5 18. dxe5 Nxe3 19. fxe3 Bxe5 20. Qd3 Qe7 21. Nf4 Bxf4 22. exf4 Kd8 23. Rf2 Re8 24. Rd1 Kc7 25. Bf1 Nf6 26. Bg2 Bd7 27. Qd4 Qd6 28. Qb6+ Kc8 29. Na4 Qc7 30. Qd4 Qd6 31. Nb6+ Kc7 32. Nxa8+ Rxa8 33. Qb6+ Kc8 34. c4 Be6 35. cxd5 Bxd5 36. Re2 Qd8 37. Bxd5 Nxd5 38. Qc5 Kc7 39. Red2 Qd6 40. Rxd5 1-0

[Event "Medellin de La Raza op"]
[Site "Medellin"]
[Date "2023.10.16"]
[Round "9"]
[White "Claverie, Raul Ricardo"]
[Black "Cordoba Roa, Angel Gabriel"]
[Result "1/2-1/2"]
[WhiteElo "2399"]
[BlackElo "2285"]
[PlyCount "167"]
[EventDate "2023.10.12"]
[EventType "swiss"]
[EventRounds "10"]
[EventCountry "COL"]
[SourceTitle "Mega2024 Update 01"]
[Source "Chessbase"]
[SourceDate "2023.11.12"]
[SourceVersion "1"]
[SourceVersionDate "2023.11.12"]
[SourceQuality "1"]

1. e4 e5 2. Nf3 Nc6 3. Bc4 Bc5 4. Nc3 Nf6 5. d3 h6 6. Nd5 d6 7. c3 a5 8. h3 Be6 9. 0-0 Bxd5 10. exd5 Ne7 11. d4 exd4 12. cxd4 Bb6 13. Qa4+ Kf8 14. Re1 Nexd5 15. Nd2 c6 16. Qb3 a4 17. Qd3 Nb4 18. Qb1 d5 19. Bf1 Bxd4 20. Nf3 Bc5 21. a3 Ne4 22. Rxe4 dxe4 23. axb4 exf3 24. bxc5 fxg2 25. Bxg2 g6 26. Qc2 Qh4 27. b3 Kg7 28. Bb2+ f6 29. bxa4 Rad8 30. a5 Rhe8 31. Ra4 Re1+ 32. Kh2 Qh5 33. Qc3 Re6 34. Rf4 Qg5 35. Rg4 Qf5 36. Qg3 Rd2 37. Qc7+ Kg8 38. Qb8+ Kf7 39. Qxb7+ Re7 40. Qb3+ Kg7 41. a6 Qxf2 42. Bc1 h5 43. Rg3 h4 44. Rg4 Rc2 45. Qd3 f5 46. Qd6 fxg4 47. Qxe7+ Kg8 48. Qe8+ Kg7 49. Qe7+ Kg8 50. Qd8+ Kg7 51. Qd7+ Kg8 52. Qc8+ Kg7 53. Qd7+ Kg8 54. Qxg4 Qg3+ 55. Qxg3 hxg3+ 56. Kxg3 Rxc1 57. Bxc6 Rxc5 58. a7 Ra5 59. a8Q+ Rxa8 60. Bxa8 Kg7 61. Kg4 g5 62. Kh5 Kh8 63. Kg6 Kg8 64. Bd5+ Kh8 65. Kf6 Kh7 66. Bf7 Kh8 67. Bh5 Kh7 68. Kf7 Kh8 69. Bf3 Kh7 70. Kf8 Kh8 71. Bd5 Kh7 72. Bg8+ Kh8 73. Ba2 Kh7 74. Bb1+ Kh8 75. Bf5 g4 76. h4 g3 77. Be4 g2 78. Bxg2 Kh7 79. h5 Kh8 80. Kf7 Kh7 81. Be4+ Kh8 82. Kg6 Kg8 83. h6 Kh8 84. h7 1/2-1/2

[Event "Medellin de La Raza op"]
[Site "Medellin"]
[Date "2023.10.13"]
[Round "4"]
[White "Hernandez Jimenez, Jeronimo"]
[Black "Claverie, Raul Ricardo"]
[Result "0-1"]
[WhiteElo "2135"]
[BlackElo "2399"]
[PlyCount "87"]
[EventDate "2023.10.12"]
[EventType "swiss"]
[EventRounds "10"]
[EventCountry "COL"]
[SourceTitle "Mega2024 Update 01"]
[Source "Chessbase"]
[SourceDate "2023.11.12"]
[SourceVersion "1"]
[SourceVersionDate "2023.11.12"]
[SourceQuality "1"]

1. c4 f5 2. g3 Nf6 3. Bg2 d6 4. Nc3 e5 5. e3 c6 6. Nge2 Be6 7. b3 d5 8. cxd5 cxd5 9. 0-0 Nc6 10. Bb2 a6 11. Rc1 Bd6 12. d3 0-0 13. Na4 Qe7 14. d4 e4 15. Nc5 Bf7 16. Kh1 Bh5 17. Qd2 g5 18. Ng1 Rac8 19. f3 exf3 20. Nxf3 Ne4 21. Nxe4 fxe4 22. Ne5 Bb4 23. Bc3 Bxc3 24. Nxc6 Rxc6 25. Rxc3 Rxf1+ 26. Bxf1 Qb4 27. Rc2 Qxd2 28. Rxd2 Rc3 29. Kg1 Rxe3 30. Rc2 Re1 31. Kf2 Rd1 32. Be2 Bxe2 33. Kxe2 Rxd4 34. Rc8+ Kg7 35. Rc7+ Kg6 36. Rxb7 Rd3 37. Rb6+ Kf5 38. Rxa6 Rc3 39. Kd2 d4 40. Ra5+ Kg4 41. Rd5 e3+ 42. Ke2 Rc2+ 43. Kd1 Rxa2 44. Rc5 0-1

[Event "Pereira Fiestas de la Cosecha op"]
[Site "Pereira"]
[Date "2023.08.24"]
[Round "1"]
[White "Claverie, Raul Ricardo"]
[Black "Sanchez, Carlos Andres"]
[Result "1-0"]
[WhiteElo "2414"]
[BlackElo "1594"]
[PlyCount "31"]
[EventDate "2023.08.24"]
[EventType "swiss"]
[EventRounds "7"]
[EventCountry "COL"]
[SourceTitle "EXT 2024"]
[Source "ChessBase"]
[SourceDate "2023.10.10"]
[SourceVersion "1"]
[SourceVersionDate "2023.10.10"]
[SourceQuality "1"]

1. f4 g6 2. Nf3 Bg7 3. e4 d5 4. e5 Bg4 5. h3 Bxf3 6. Qxf3 e6 7. d4 c5 8. dxc5 Qa5+ 9. Nc3 Qxc5 10. Nb5 Nh6 11. Be3 Qe7 12. Nd6+ Kf8 13. Bc5 Nd7 14. Ba3 Kg8 15. Nf5 Qd8 16. Ne7+ 1-0

[Event "ARG-ch sf 95th"]
[Site "Buenos Aires"]
[Date "2020.02.26"]
[Round "5"]
[White "Claverie, Raul Ricardo"]
[Black "Tomeo, Ivan"]
[Result "1-0"]
[WhiteElo "2436"]
[BlackElo "2171"]
[PlyCount "107"]
[EventDate "2020.02.22"]
[EventType "swiss"]
[EventRounds "9"]
[EventCountry "ARG"]
[SourceTitle "CBM 195 Extra"]
[Source "ChessBase"]
[SourceDate "2020.05.31"]
[SourceVersion "1"]
[SourceVersionDate "2020.05.31"]
[SourceQuality "1"]

1. d4 e6 2. e4 d5 3. Nc3 Bb4 4. Qg4 Nf6 5. Qxg7 Rg8 6. Qh6 dxe4 7. Nge2 Nc6 8. Bg5 Ng4 9. Bxd8 Nxh6 10. Bxc7 Nf5 11. 0-0-0 e3 12. d5 Nce7 13. d6 Nd5 14. Nxd5 exd5 15. c3 Bxd6 16. Bxd6 Nxd6 17. Rxd5 Nf5 18. Re5+ Be6 19. Nf4 Ke7 20. Nxe6 fxe6 21. f3 h5 22. g3 Rac8 23. Bh3 Kf6 24. f4 Rg4 25. Bxg4 hxg4 26. Re1 Rd8 27. Re2 Rd7 28. a4 Rd8 29. Kc2 Rd7 30. a5 Rd8 31. b4 a6 32. Rxf5+ exf5 33. Rxe3 Rd6 34. Re2 Rd7 35. c4 Rd4 36. Kc3 Rd1 37. Re8 Rh1 38. Rh8 Kg7 39. Rb8 Rxh2 40. Rxb7+ Kg6 41. Rb6+ Kh5 42. b5 Rg2 43. Rf6 Rxg3+ 44. Kb4 axb5 45. Rxf5+ Kh4 46. cxb5 Rg1 47. a6 Ra1 48. Kc5 g3 49. Rg5 Ra4 50. Rg8 Kh3 51. b6 Ra5+ 52. Kc4 Ra4+ 53. Kb5 Rxf4 54. a7 1-0

[Event "ARG-ch sf 95th"]
[Site "Buenos Aires"]
[Date "2020.02.24"]
[Round "3"]
[White "Claverie, Raul Ricardo"]
[Black "Gomez, Carlos David"]
[Result "1/2-1/2"]
[WhiteElo "2436"]
[BlackElo "2307"]
[PlyCount "51"]
[EventDate "2020.02.22"]
[EventType "swiss"]
[EventRounds "9"]
[EventCountry "ARG"]
[SourceTitle "CBM 195 Extra"]
[Source "ChessBase"]
[SourceDate "2020.05.31"]
[SourceVersion "1"]
[SourceVersionDate "2020.05.31"]
[SourceQuality "1"]

1. e4 c5 2. Nf3 e6 3. d3 d5 4. Nbd2 Nc6 5. g3 g6 6. Bg2 Bg7 7. 0-0 Nge7 8. Re1 b6 9. exd5 Nxd5 10. d4 cxd4 11. Nb3 0-0 12. Nfxd4 Bb7 13. Nxc6 Bxc6 14. c3 Ne7 15. Bg5 Bxg2 16. Qxd8 Rfxd8 17. Kxg2 Rd7 18. Rad1 Rad8 19. Rxd7 Rxd7 20. Bxe7 Rxe7 21. Rd1 Kf8 22. Rd8+ Re8 23. Rd7 Re7 24. Rd8+ Re8 25. Rd7 Re7 26. Rd8+ 1/2-1/2

[Event "ARG-ch sf 95th"]
[Site "Buenos Aires"]
[Date "2020.02.22"]
[Round "1"]
[White "Claverie, Raul Ricardo"]
[Black "Villarreal, Agustin"]
[Result "1-0"]
[WhiteElo "2436"]
[BlackElo "2033"]
[PlyCount "109"]
[EventDate "2020.02.22"]
[EventType "swiss"]
[EventRounds "9"]
[EventCountry "ARG"]
[SourceTitle "CBM 195 Extra"]
[Source "ChessBase"]
[SourceDate "2020.05.31"]
[SourceVersion "1"]
[SourceVersionDate "2020.05.31"]
[SourceQuality "1"]

1. f4 d5 2. Nf3 Nf6 3. g3 g6 4. Bg2 Bg7 5. 0-0 c5 6. d3 Nc6 7. Nc3 0-0 8. e4 d4 9. Ne2 e5 10. h3 Be6 11. f5 gxf5 12. exf5 Bd5 13. g4 Re8 14. g5 e4 15. dxe4 Nxe4 16. f6 Bf8 17. Nf4 Bc4 18. Nd3 Bd6 19. Nd2 Bxd3 20. cxd3 Ng3 21. Rf2 Qd7 22. Nf1 Nxf1 23. Rxf1 Ne5 24. b3 Ng6 25. Qh5 Kh8 26. Be4 Rxe4 27. dxe4 Qe6 28. Qg4 Qe5 29. Rf2 Re8 30. Bd2 b5 31. Rc1 Qxe4 32. Qd7 Qe5 33. Qg4 Qe4 34. Qxe4 Rxe4 35. Rf5 Re2 36. Rf2 Re4 37. Kf1 Kg8 38. Re2 Rxe2 39. Kxe2 Kf8 40. Kd3 Ke8 41. Ke4 Kd7 42. b4 cxb4 43. Kxd4 Nf8 44. Kd5 Ne6 45. h4 Nc7+ 46. Ke4 Ne6 47. h5 a5 48. Be3 a4 49. Rb1 b3 50. axb3 a3 51. b4 Kc6 52. Bd2 Nc7 53. Ra1 Na6 54. Rxa3 Nxb4 55. Ra7 1-0

[Event "Mendoza ITT"]
[Site "Mendoza"]
[Date "2020.01.29"]
[Round "6"]
[White "Claverie, Raul Ricardo"]
[Black "Wisniacki, Flavio"]
[Result "1/2-1/2"]
[WhiteElo "2436"]
[BlackElo "2140"]
[PlyCount "58"]
[EventDate "2020.01.26"]
[EventType "tourn"]
[EventRounds "9"]
[EventCountry "ARG"]
[SourceTitle "CBM 195 Extra"]
[Source "ChessBase"]
[SourceDate "2020.05.31"]
[SourceVersion "1"]
[SourceVersionDate "2020.05.31"]
[SourceQuality "1"]

1. b3 d5 2. Bb2 Bf5 3. e3 e6 4. f4 Nf6 5. Nf3 Be7 6. Be2 0-0 7. 0-0 h6 8. Nc3 c5 9. Ne5 Nfd7 10. g4 Bh7 11. Nxd7 Nxd7 12. Bf3 Bf6 13. Na4 Bxb2 14. Nxb2 Qh4 15. Qe1 Qxe1 16. Rfxe1 Rac8 17. c4 Nb6 18. Rac1 dxc4 19. Nxc4 Nxc4 20. Rxc4 b6 21. d4 cxd4 22. Rxd4 Rfd8 23. Red1 Rxd4 24. Rxd4 Kf8 25. e4 Rc1+ 26. Kg2 Rc2+ 27. Kg3 Ke7 28. Rb4 Rc7 29. f5 e5 1/2-1/2

[Event "ARG-ch sf Amateur sf 20"]
[Site "Villaguay"]
[Date "2019.12.07"]
[Round "3.5"]
[White "Acosta, Carlos Rafael"]
[Black "Claverie, Raul Ricardo"]
[Result "0-1"]
[WhiteElo "1695"]
[BlackElo "2442"]
[PlyCount "56"]
[EventDate "2019.12.06"]
[EventType "swiss"]
[EventRounds "6"]
[EventCountry "ARG"]
[SourceTitle "EXT 2024"]
[Source "ChessBase"]
[SourceDate "2023.10.10"]
[SourceVersion "1"]
[SourceVersionDate "2023.10.10"]
[SourceQuality "1"]

1. c4 f5 2. Nc3 Nf6 3. g3 g6 4. Bg2 Bg7 5. Nf3 0-0 6. 0-0 d6 7. d4 Nc6 8. d5 Ne5 9. Nxe5 dxe5 10. Bg5 h6 11. Bxf6 Rxf6 12. Rc1 e4 13. Qd2 h5 14. f3 exf3 15. Rxf3 e5 16. e4 Kh7 17. Rcf1 Bh6 18. Qd3 f4 19. c5 g5 20. gxf4 gxf4 21. Kh1 Rg6 22. Rg1 Bg4 23. Rff1 Qh4 24. Bf3 Rag8 25. Qe2 Bf8 26. b4 Qh3 27. Bxg4 hxg4 28. Nb5 f3 0-1

[Event "ARG-ch sf Amateur sf 20"]
[Site "Villaguay"]
[Date "2019.12.06"]
[Round "1.1"]
[White "Toledano, German"]
[Black "Claverie, Raul Ricardo"]
[Result "0-1"]
[WhiteElo "1667"]
[BlackElo "2442"]
[PlyCount "76"]
[EventDate "2019.12.06"]
[EventType "swiss"]
[EventRounds "6"]
[EventCountry "ARG"]
[SourceTitle "EXT 2024"]
[Source "ChessBase"]
[SourceDate "2023.10.10"]
[SourceVersion "1"]
[SourceVersionDate "2023.10.10"]
[SourceQuality "1"]

1. e4 e6 2. d4 d5 3. exd5 exd5 4. Bd3 Nc6 5. c3 Bd6 6. Ne2 Qh4 7. Ng3 Nce7 8. 0-0 Bg4 9. Be2 Bxe2 10. Qxe2 0-0-0 11. Nd2 Ng6 12. Nf3 Qg4 13. h3 Qd7 14. Re1 Bxg3 15. fxg3 Nf6 16. Bg5 Rde8 17. Qd3 Ne4 18. Ne5 Nxe5 19. dxe5 Nxg5 20. Rad1 Ne6 21. c4 d4 22. Qe4 Qc6 23. Qd5 Rd8 24. Qf3 Qxf3 25. gxf3 c5 26. Rd3 h5 27. f4 g6 28. Kg2 h4 29. Kf3 hxg3 30. Kxg3 Rxh3+ 31. Kxh3 Nxf4+ 32. Kg4 Nxd3 33. Re2 Nxe5+ 34. Rxe5 d3 35. Re1 d2 36. Rd1 f5+ 37. Kg5 Rd4 38. Kxg6 f4 0-1

[Event "La Cumbre"]
[Site "La Cumbre"]
[Date "2019.09.12"]
[Round "8"]
[White "Pinto, Daniel"]
[Black "Claverie, Raul Ricardo"]
[Result "1-0"]
[WhiteElo "2203"]
[BlackElo "2466"]
[PlyCount "71"]
[EventDate "2019.09.09"]
[EventType "tourn"]
[EventRounds "9"]
[EventCountry "ARG"]
[EventCategory "1"]
[SourceTitle "EXT 2020"]
[Source "ChessBase"]
[SourceDate "2019.10.17"]
[SourceVersion "1"]
[SourceVersionDate "2019.10.17"]
[SourceQuality "1"]

1. e4 g6 2. d4 Bg7 3. c3 d6 4. Bd3 Nd7 5. Ne2 e5 6. 0-0 Ngf6 7. h3 0-0 8. f4 c6 9. Nd2 exd4 10. cxd4 Re8 11. Qc2 Qe7 12. b4 a5 13. bxa5 Rxa5 14. Bb2 Nb6 15. a4 Rh5 16. Ng3 Rh4 17. a5 Nbd5 18. e5 Nh5 19. Nxh5 Rxh5 20. Rf3 Qh4 21. Raf1 Nb4 22. Qb3 Nxd3 23. Qxd3 dxe5 24. fxe5 Be6 25. Ne4 Bf5 26. Rf4 Qe7 27. Qb3 Be6 28. Qc3 Bd5 29. Ba3 Qd7 30. g4 Rh6 31. Nf6+ Bxf6 32. Rxf6 c5 33. Rd6 cxd4 34. Qxd4 Qe7 35. Rxg6+ Rxg6 36. Bxe7 1-0

[Event "La Cumbre"]
[Site "La Cumbre"]
[Date "2019.09.11"]
[Round "6"]
[White "Claverie, Raul Ricardo"]
[Black "Lammers, Anton"]
[Result "1-0"]
[WhiteElo "2466"]
[BlackElo "1904"]
[PlyCount "73"]
[EventDate "2019.09.09"]
[EventType "tourn"]
[EventRounds "9"]
[EventCountry "ARG"]
[EventCategory "1"]
[SourceTitle "EXT 2020"]
[Source "ChessBase"]
[SourceDate "2019.10.17"]
[SourceVersion "1"]
[SourceVersionDate "2019.10.17"]
[SourceQuality "1"]

1. f4 d5 2. Nf3 c5 3. g3 Nc6 4. Bg2 Nf6 5. 0-0 e6 6. d3 Be7 7. Nc3 0-0 8. e4 d4 9. Ne2 Qb6 10. Kh1 Rd8 11. b3 Qc7 12. a4 b6 13. h3 Bb7 14. g4 g6 15. Ng3 Ne8 16. g5 Ng7 17. Nh2 f5 18. gxf6 Bxf6 19. Ng4 Bh4 20. Nh6+ Kh8 21. Qg4 Qe7 22. Nf7+ Kg8 23. Nxd8 Rxd8 24. Bd2 Rf8 25. Be1 Qd8 26. Nh5 Bxe1 27. Nxg7 Kxg7 28. Raxe1 Qd6 29. Kg1 Bc8 30. Qg3 Nd8 31. h4 h6 32. h5 g5 33. e5 Qe7 34. fxg5 Rxf1+ 35. Rxf1 Qxg5 36. Qxg5+ hxg5 37. h6+ 1-0

[Event "La Cumbre"]
[Site "La Cumbre"]
[Date "2019.09.09"]
[Round "2"]
[White "Claverie, Raul Ricardo"]
[Black "Toniutti, Ezio"]
[Result "1-0"]
[WhiteElo "2466"]
[BlackElo "2269"]
[PlyCount "105"]
[EventDate "2019.09.09"]
[EventType "tourn"]
[EventRounds "9"]
[EventCountry "ARG"]
[EventCategory "1"]
[SourceTitle "EXT 2020"]
[Source "ChessBase"]
[SourceDate "2019.10.17"]
[SourceVersion "1"]
[SourceVersionDate "2019.10.17"]
[SourceQuality "1"]

1. Nf3 d5 2. g3 Nf6 3. Bg2 g6 4. 0-0 Bg7 5. d3 0-0 6. Nbd2 c5 7. e4 Nc6 8. Re1 e5 9. exd5 Nxd5 10. Nc4 Re8 11. Ng5 h6 12. Ne4 Bf8 13. Ned6 Bxd6 14. Bxd5 Bf8 15. Bxc6 bxc6 16. Rxe5 Rxe5 17. Nxe5 Qd5 18. Ng4 Bg7 19. Ne3 Qd6 20. Rb1 Bd4 21. Qf3 Be6 22. b3 Re8 23. Bd2 Qd7 24. Re1 h5 25. Qf4 Qd8 26. Nc4 Bd5 27. Rxe8+ Qxe8 28. Ne3 Be6 29. Qd6 h4 30. gxh4 Bd7 31. c3 Be5 32. Qxc5 Qe6 33. Ng2 Bd6 34. Qe3 Qg4 35. Qd4 Qe6 36. Qe3 Qf6 37. h5 Bf5 38. d4 Kh7 39. Qh6+ Kg8 40. Bf4 Bxf4 41. Qxf4 Qe7 42. Ne3 Bd3 43. h6 f6 44. h4 Kh7 45. Ng4 Bf5 46. Ne3 Be4 47. Kh2 Bd3 48. d5 g5 49. hxg5 fxg5 50. d6 Qe6 51. Qxg5 Qxd6+ 52. Qg3 Qe7 53. Qg7+ 1-0

[Event "Mar del Plata Lasker Memorial"]
[Site "Mar del Plata"]
[Date "2019.07.24"]
[Round "7"]
[White "Canelo, Jose Luis"]
[Black "Claverie, Raul Ricardo"]
[Result "0-1"]
[WhiteElo "1946"]
[BlackElo "2496"]
[PlyCount "64"]
[EventDate "2019.07.22"]
[EventType "swiss"]
[EventRounds "7"]
[EventCountry "ARG"]
[SourceTitle "CBM 191 Extra"]
[Source "ChessBase"]
[SourceDate "2019.09.30"]
[SourceVersion "1"]
[SourceVersionDate "2019.09.30"]
[SourceQuality "1"]

1. Nf3 f5 2. d4 Nf6 3. c4 d6 4. Nc3 g6 5. d5 Bg7 6. Nd2 0-0 7. g3 a5 8. Bg2 Na6 9. e4 Nc5 10. 0-0 a4 11. Rb1 Bd7 12. b4 axb3 13. axb3 Nd3 14. Qe2 Nxc1 15. Rfxc1 f4 16. f3 c6 17. e5 dxe5 18. Nde4 fxg3 19. hxg3 Bf5 20. dxc6 bxc6 21. Rd1 Qb6+ 22. Kh2 Bxe4 23. Nxe4 Nxe4 24. Qxe4 Rf5 25. c5 Rh5+ 26. Kg1 Qxc5+ 27. Kf1 Rg5 28. g4 Rf8 29. Rbc1 Qb5+ 30. Qc4+ Kh8 31. Qxb5 cxb5 32. Ke2 e4 0-1

[Event "Mar del Plata Lasker Memorial"]
[Site "Mar del Plata"]
[Date "2019.07.23"]
[Round "5"]
[White "Fabrizio, Gustavo"]
[Black "Claverie, Raul Ricardo"]
[Result "0-1"]
[WhiteElo "1874"]
[BlackElo "2496"]
[PlyCount "108"]
[EventDate "2019.07.22"]
[EventType "swiss"]
[EventRounds "7"]
[EventCountry "ARG"]
[SourceTitle "CBM 191 Extra"]
[Source "ChessBase"]
[SourceDate "2019.09.30"]
[SourceVersion "1"]
[SourceVersionDate "2019.09.30"]
[SourceQuality "1"]

1. d4 f5 2. g3 Nf6 3. Bg2 g6 4. c4 Bg7 5. Nc3 d6 6. Bg5 0-0 7. Qd2 Nc6 8. Nf3 Ne4 9. Qd1 Nxg5 10. Nxg5 Nxd4 11. e3 h6 12. Nh3 Ne6 13. Nf4 Nxf4 14. gxf4 c6 15. h4 Be6 16. Qd3 Qa5 17. Rc1 Qb4 18. b3 Rad8 19. 0-0 h5 20. Ne2 Bf7 21. e4 e6 22. Nd4 Bh6 23. exf5 exf5 24. Qg3 Bg7 25. Nf3 Rfe8 26. Qg5 Qa5 27. Rcd1 Qc3 28. Ne5 Bxe5 29. fxe5 Qxe5 30. Rfe1 Qc3 31. Re7 Rxe7 32. Qxe7 Re8 33. Qxd6 Qc2 34. Qd2 Qxd2 35. Rxd2 Be6 36. f4 Kf7 37. Kf2 Ra8 38. Bf3 a5 39. a4 Ke7 40. Ke3 Rb8 41. Rd4 Re8 42. Kd2 Rb8 43. Kc3 Bd7 44. c5 Be8 45. Rd6 b6 46. Bxc6 bxc5 47. Rd5 Bxc6 48. Rxc5 Kd6 49. Rxa5 Re8 50. Ra6 Kc7 51. Ra5 Re3+ 52. Kd2 Re4 53. Re5 Rxe5 54. fxe5 g5 0-1